| 000 | 00672nam a2200217 a 4500 | ||
|---|---|---|---|
| 003 | PILC | ||
| 005 | 20150818150720.0 | ||
| 008 | 100719s19uu xx 00 eng d | ||
| 020 | _a0471563374 | ||
| 020 | _a0471661171 | ||
| 050 |
_aHG 4027.5 _b.Sh529 2005 |
||
| 082 |
_aMFSF 658.15 _bSh44 2005 |
||
| 100 |
_aShapiro, Alan C. _915136 |
||
| 245 |
_aFoundations of multinational financial management / _cAlan C. Shapiro. |
||
| 250 | _a5th edition. | ||
| 260 |
_aNew Jersey : _bJohn Wiley & Sons, Inc, _c2005. |
||
| 300 |
_a613 pages : _bcolor illustration ; _c29 cm. |
||
| 500 | _aIncludes glossary and index. | ||
| 650 |
_aFinancial Management _94192 |
||
| 942 |
_2lcc _cBK |
||
| 999 |
_c14508 _d14508 |
||